Responses for show #7784 - Thursday, June 14, 2018

Contestants

Katherine Pisarro-Grant, a verbal identity consultant from Brooklyn, New York

Adam Manning, a senior sales manager from Denver, Colorado

Diana Hsu, a legal records assistant from Malden, Massachusetts (whose 1-day cash winnings total $24,001)

Jeopardy! Round responses

WHAT'S THAT ON YOUR HEAD?
PLAYING POLITICS
SAME VOWEL, FRONT & BACK
COMBAT ROCK
PEOPLE OF THE WORLD
IT'S ABOUT TIME
    $200 1
a stovepipe

Adam
    $200 2
Sam Adams

Adam
    $200 4
extradite

Katherine
    $200 26
"War"

Adam
    $200 13
Polynesian

Katherine
    $200 21
Daylight Savings Time

Adam
    $400 6
a balaclava

Katherine
    $400 3
Sonny Bono

Katherine
    $400 5
elephantine

Diana
    $400 27
(Diana: Fighting. What is fighting?)

killing

DianaKatherine
    $400 14
Indonesia

Diana
    $400 22
Gregorian

Adam
    $600 8
a tiara

Katherine
    $600 17
Chris Christie

Adam
    $600 7
the Illuminati

Diana
    $600 28
the Green Berets

Adam
    $1,200 15
Boer

Diana
    $600 23
the railroad

Diana
    $800 10
a mantilla

Diana
    $800 18
(Tammy) Duckworth

Adam
    $800 9
ambrosia

Diana
    $800 29
"30 Seconds Over Tokyo"

Triple Stumper
    $800 16
the Pyrenees

Adam
    $800 24
a sundial

Diana
    $1000 11
a snood

Katherine
    $1000 19
(John) Edwards

Adam
    $1000 12
Uluru

Diana
    $1000 30
"Armed Forces"

Triple Stumper
    $1000 20
(Adam: What are Pakistan and India?)

Pakistan and Afghanistan

DianaAdam
    $1000 25
an epoch

Adam

Scores at the first commercial break (after clue 15):

Diana Adam Katherine
$5,200 $400 $2,800

Scores at the end of the Jeopardy! Round:

Diana Adam Katherine
$7,200 $5,000 $3,200

Double Jeopardy! Round responses

MAN CAVES
17th CENTURY LIT
COMPLETE THE RHYMING PHRASE
COLORS
BROADWAY NAMES
POLAR EXPLORATION
    $400 24
Lewis and Clark

Adam
    $400 29
Cinderella

Adam
    $400 11
brown cow

Diana
    $400 2
(Katherine: What is cake?)
(Diana: What is cheese?)

mustard

DianaAdamKatherine
    $400 1
Peter Pan

Diana
    $400 18
Eskimos

Diana
    $800 25
(Daniel) Boone

Adam
    $800 17
Atlantis

Diana
    $800 12
oaks

Diana
    $800 7
cyan

Adam
    $800 3
Cabaret

Diana
    $800 19
(Adam: What is a penguin?)
(Alex: Be more specific.)
(Adam: What is [*]?)

the emperor penguin

Adam
    $1200 26
the Seminole Wars

Adam
    $1200 15
Moliere

Katherine
    $1200 13
leave it be

Katherine
    $1200 8
pigments

Diana
    $1200 4
Idina Menzel

Diana
    $1200 20
(Adam: What is a snowmobile?)

a fat bicycle

Adam
Triple Stumper
    $1600 27
Euripides

Katherine
    $1600 16
a dream

Diana
    $1600 14
(Alex: [*] in golf.)

but putt for dough

Triple Stumper
    $4,200 9
indigo

Diana
    $1600 5
Bruce Springsteen

Triple Stumper
    $7,000 22
the Nautilus

Diana
    $2000 30
Elijah

Diana
    $2000 28
metaphysical

Katherine
    $2000 21
sailors take warning

Diana
    $2000 10
(Diana: What is make a rainbow?)

what makes the sky blue

DianaAdam
    $2000 6
Patti LuPone

Katherine
    $2000 23
(Adam: Who is Peary?)

(Robert Falcon) Scott

DianaAdam

Scores at the end of the Double Jeopardy! Round:

Diana Adam Katherine
$29,600 $8,600 $10,800
(lock game)

[wagering suggestions for these scores]

Final Jeopardy! Round responses

CONSTELLATIONS
(Alex: [To Diana] Unfortunately, the correct response is [*]. [*], the two fish.)
AdamWhat is Libra?
$8,599
KatherineWhat is Sagittarius?
$6,401
DianaWhat is Libra?
$9,000
Pisces

Final scores:

Diana Adam Katherine
$20,600 $1 $4,399
2-day champion: $44,601 3rd place: $1,000 2nd place: $2,000

Game dynamics:

Coryat scores:

Diana Adam Katherine
$21,000 $8,600 $10,800
24 R
(including 3 DDs),
3 W
19 R,
3 W
12 R,
1 W

Combined Coryat: $40,400

The J! Archive is created by fans, for fans. The Jeopardy! game show and all elements thereof, including but not limited to copyright and trademark thereto, are the property of Jeopardy Productions, Inc. and are protected under law. This website is not affiliated with, sponsored by, or operated by Jeopardy Productions, Inc. Join the discussion at JBoard.tv.